00708nam a2200181 a 450000100100000000500170001000800410002704000250006810000290009324500860012226000540020830000210026249000160028383000230029904900090032295201780033199900170050900003586120200930074655.0111115s1964 fr 000 0 spa d aDO-SdBNPbspacBNPHU1 aBoyancé, Pierre96184410aLucréce :bsa vie, son ceuvre /cexpose de sa philosophie par Pierre Boyancé. aParis :bPresses Universitaires de France,c1964. a108 p. ;c22 cm.1 aPhilosophes 0aPhilosophes961124 aBNPD 001050718MOaGRbGRcCTd2011-11-15iLF1l0o p35861-10r2020-06-25w2020-06-25y1zPerteneció a la biblioteca personal de Juan Isidro Jimenes Grullón.ZNo se presta c35352d35352